|
|
|
|
| LEADER |
01107nab#a2200325#ar4500 |
| 001 |
000074879 |
| 003 |
SVKKK |
| 005 |
20120430150200.0 |
| 008 |
060725c xo huno |
| FMT |
|
|
|
| 038 |
|
|
|a SVKKK
|
| 040 |
|
|
|a SVKKK
|b slo
|e AACR2
|
| 041 |
0 |
|
|a hun
|
| 044 |
|
|
|a xo
|c SK
|
| 080 |
|
|
|a 34.07
|2 1981
|
| 242 |
1 |
0 |
|a Zastupovanie právnika
|y slo
|
| 245 |
1 |
0 |
|a Ügyvéd helyettesitése
|
| 500 |
|
|
|a mikrofilm
|
| 520 |
2 |
|
|a Správa o tom, advokátska komora v Košiciach vymazala zo svojho zoznamu advokátov Bartolomeja Olchváryho (úmrtie) z Michaloviec a na jeho miesto dočasne zapísala Dr.Ignáca Fuchsa z Michaloviec.
|
| 650 |
0 |
4 |
|a Olchváry, Bartolomej (advokát) - vymazanie zo zoznamu advokátov - dôvod (úmrtie)
|
| 650 |
0 |
4 |
|a advokátska komora, Košice - menovanie dočasné - Fuchs, Ignác (advokát) - Michalovce - január 1901 - správy
|
| 773 |
0 |
|
|t Felsőmagyarországi Hirlap : Politikai ujság
|g Roč. 4, č. (1901), s. 3
|
| 957 |
|
|
|a Košice
|
| 957 |
|
|
|a Michalovce
|
| 958 |
|
|
|a DG
|
| 958 |
|
|
|a SK
|
| 974 |
|
|
|a Ba
|
| 992 |
|
|
|a RBX
|
| BAS |
|
|
|
| 998 |
|
|
|a RETRO
|